00231nam a2200097Ia 4500008004100000100001800041245002900059260002400088300001300112650000800125191201s2008 xx 000 0 und d aKOTLER,Philip 0aPrinciples of Management aN. DelhibPHIc2008 a597+misc aBBA